| 000 | 01991nam a2200253 i 4500 | ||
|---|---|---|---|
| 001 | 155553 | ||
| 003 | ES-MaACL | ||
| 005 | 20260616130212.0 | ||
| 008 | 950206s1771 ne a |||| | fre d | ||
| 040 |
_aCAV _bspa _cCCPB | PA2 |
||
| 100 | 0 |
_aHomero _964112 |
|
| 245 | 1 | 4 | _aOeuvres d'Homere traduites du grec par Mde Dacier avec l'introduction en sept volumes. |
| 250 | _aNouvelle edition, revue, corrigee & augmentee. | ||
| 260 |
_aa Leide : _bchez J. de Wetstein & Fils., _c1771. |
||
| 300 |
_a7 v. : _bgrab. calc. ; _c17 cm. |
||
| 500 | _aIlustraciones grabada por Faure. | ||
| 505 | 8 | _aContiene: · [1]: Introduction a l'Homere traduit du grec et commente par Mde. Dacier contenant les deux prefaces de cette dame, l'une pour l'Iliade, & l'autre pour l'Odyssee; avec la vie d'Homere &c. De plus la preface de Mr. Pope sur l'Iliade; son essai sur la vie & les ecrits d'Homere, & autres de ses pieces, de meme que de Mr. l'abbe Banier ( 8], XII, 360 p., [6] h. de grab ) -- [2]: L' Iliade d'Homere traduite en francois avec des remarques par Mde. Dacier ... Tome premier ([6], VI, 378, [2] h. de grab.) -- [3]: L' Iliade d'Homere traduite en francois avec des remarques par Mde. Dacier ... Tome second ( [2], 372 p.) -- [4]: L' Iliade d'Homere traduite en francois avec des remarques par Mde. Dacier ... Tome troisieme ([2], 400 p.) -- [5]: L' Odyssee d'Homere traduite en francois avec des remarques par Mde. Dacier ... Tome premier ( VII, 352, [1] h. grab.) -- [6]: L' Odyssee d'Homere traduite en francois avec des remarques par Mde. Dacier ... Tome second ( [2], 342 p.)-- [7]: L' Odyssee d'Homere traduite en francois avec des remarques par Mde. Dacier ... Tome troisieme ([2], 391 p.) | |
| 597 | _aPortada con orla xilográfica. | ||
| 700 | 1 |
_aDacier, Anne, _d1651-1720 _9162965 |
|
| 740 | 0 | _aOdisea. | |
| 740 | 0 | _aIliada. | |
| 852 |
_aES-MaACL _jR-980-86 _z-- Enc. piel _z-- Ex-libris ms. de Josef Manuel de Aranalde _xOlim: G-9487-93 |
||
| 999 |
_c155553 _d155553 |
||